00441nam a2200157Ia 4500003000900000008004100009020002200050040001600072080001500088100001900103245007900122260003100201300001300232650001400245650002400259IN-BaIIA211028s9999 xx 000 0 eng d a978-81-7480-167-8 cIIA Library a573.5bDAT aDatta, Sukanya 0aLife on earthcSukanya Datta  aNoidabVigyan Prasarc2008 axi, 90p. aEvolution aZoology miscellanea